Campbell essential biology (Record no. 19295)

MARC details
000 -LEADER
fixed length control field 00457nam a2200181Ia 4500
008 - FIXED-LENGTH DATA ELEMENTS--GENERAL INFORMATION
fixed length control field 230917s9999||||xx |||||||||||||| ||und||
020 ## - ISBN
Price GBP52.99
040 ## - CATALOGING SOURCE
-- 235099
Original cataloging agency VIVEKANANDA LIBRARY
041 ## - Language
-- English
082 ## - DDC NUMBER
Classification number 570 S53C(6)
100 ## - MAIN ENTRY--PERSONAL NAME
Personal name Simon, Eric J
245 #0 - TITLE STATEMENT
Title Campbell essential biology
250 ## - EDITION STATEMENT
Edition statement 6th ed.
260 ## - PUBLICATION, DISTRIBUTION, ETC. (IMPRINT)
Place of publication, distribution, etc England
Name of publisher, distributor, etc Pearson
Date of publication, distribution, etc 2016
300 ## - PHYSICAL DESCRIPTION
Pages 540 p.
500 ## - GENERAL NOTE
General note 2397 05/10/2016 HBD16/6709 10/11/2016 UIET (SFS)
942 ## - ADDED ENTRY ELEMENTS (KOHA)
Koha item type Books
Holdings
Withdrawn status Lost status Damaged status Not for loan Location (home branch) Sublocation or collection (holding branch) Shelving location Date acquired Koha issues (times borrowed) Koha full call number Accession No. Koha date last seen Koha item type
        VIVEKANANDA LIBRARY VIVEKANANDA LIBRARY UIET Library 08/12/2016 1 570 S53C(6) 354424 04/12/2023 Books
        VIVEKANANDA LIBRARY VIVEKANANDA LIBRARY UIET Library 08/12/2016 2 570 S53C(6) 354425 27/09/2024 Books
© Designed and Maintained by Vivekananda Library, MDU Rohtak